000 00581nam a22002177a 4500
003 UA-OsUOA
001 46649
007 ta
008 20070704b un ||||| |||| 00| 0 ukr d
100 _aБалакян А.
090 _a82
_bБ-12
942 _cSA
040 _aUA-OsUOA
_bukr
_cUA-OsUOA
_dUA-OsUOA
245 _aЛітературна теорія та компаративна література
300 _aС.44-49
955 _a0
041 _aukr
080 _a82
773 0 _w46648
650 7 _a82 Література. Літературознавство
_2UDC
999 _c332740
_d332740